[Event "Cuiaba Mato Grosso-ch"]
[Site "Cuiaba"]
[Date "2019.12.08"]
[Round "5"]
[White "Castro Silva, Alex"]
[Black "Langner, Donizete Ribeiro"]
[Result "1-0"]
[WhiteElo "1937"]
[BlackElo "1931"]
[PlyCount "61"]
[EventDate "2019.12.06"]
[EventType "swiss"]
[EventRounds "6"]
[EventCountry "BRA"]
[SourceTitle "CBM 193 Extra"]
[Source "ChessBase"]
[SourceDate "2020.01.31"]
[SourceVersion "1"]
[SourceVersionDate "2020.01.31"]
[SourceQuality "1"]

1. e4 e6 2. d4 d5 3. Nc3 Nf6 4. e5 Nfd7 5. f4 c5 6. Nf3 Nc6 7. Be3 cxd4 8. Nxd4 Qb6 9. Qd2 Qxb2 10. Rb1 Qa3 11. Ndb5 Qa5 12. Be2 Qd8 13. 0-0 a6 14. Nd4 Nxd4 15. Bxd4 g6 16. f5 gxf5 17. Nxd5 exd5 18. e6 Nf6 19. Rxf5 Ne4 20. exf7+ Kd7 21. Qf4 Kc6 22. Rb6+ Qxb6 23. Rf6+ Nxf6 24. Qxf6+ Bd6 25. Bxb6 Bd7 26. c4 dxc4 27. Qd4 Be6 28. Bf3+ Kd7 29. Bc5 Ke7 30. Bxd6+ Kxf7 31. Bh5+ 1-0

[Event "Cuiaba Mato Grosso-ch"]
[Site "Cuiaba"]
[Date "2019.12.08"]
[Round "6"]
[White "Langner, Donizete Ribeiro"]
[Black "Almeida, Higor Carlos De"]
[Result "1/2-1/2"]
[WhiteElo "1931"]
[BlackElo "1697"]
[PlyCount "111"]
[EventDate "2019.12.06"]
[EventType "swiss"]
[EventRounds "6"]
[EventCountry "BRA"]
[SourceTitle "CBM 193 Extra"]
[Source "ChessBase"]
[SourceDate "2020.01.31"]
[SourceVersion "1"]
[SourceVersionDate "2020.01.31"]
[SourceQuality "1"]

1. Nf3 d5 2. d4 Nf6 3. c4 e6 4. e3 Be7 5. b3 0-0 6. Bb2 c6 7. Nbd2 Nbd7 8. Be2 Re8 9. 0-0 Bf8 10. Qc2 g6 11. Rfd1 Bg7 12. Ne5 Qc7 13. f4 b6 14. Bf3 Bb7 15. c5 b5 16. b4 a5 17. a3 a4 18. g4 Nxe5 19. dxe5 Nd7 20. g5 Rad8 21. Qc3 Kf8 22. Kg2 Ke7 23. h4 h6 24. gxh6 Bxh6 25. Be2 Rh8 26. Nf3 Bg7 27. Rg1 Rh6 28. Kf2 Rdh8 29. Qd3 Ke8 30. Rg2 Bf8 31. Rg4 Be7 32. Rh1 Qd8 33. Kg3 Bc8 34. Bc3 Kf8 35. Qc2 Ba6 36. Bd3 f5 37. exf6 Bxf6 38. Bxg6 Bxc3 39. Qxc3 Nf6 40. Ng5 Qe7 41. Bc2 Bc8 42. Nh7+ R8xh7 43. Bxh7 Rxh7 44. Qe5 Nxg4 45. Kxg4 Qg7+ 46. Qxg7+ Rxg7+ 47. Kf3 Bd7 48. e4 Be8 49. Rh3 Bh5+ 50. Ke3 Rg2 51. Kd4 Ke7 52. exd5 Rd2+ 53. Ke4 Bg6+ 54. Kf3 Rd3+ 55. Kg2 Rxh3 56. Kxh3 1/2-1/2

[Event "Cuiaba Contaud op"]
[Site "Cuiaba"]
[Date "2019.06.01"]
[Round "3"]
[White "Langner, Donizete Ribeiro"]
[Black "Jesus Filho, Jose Carlos"]
[Result "0-1"]
[WhiteElo "1943"]
[BlackElo "1727"]
[PlyCount "93"]
[EventDate "2019.05.31"]
[EventType "swiss"]
[EventRounds "6"]
[EventCountry "BRA"]
[SourceTitle "EXT 2020"]
[Source "ChessBase"]
[SourceDate "2019.10.17"]
[SourceVersion "1"]
[SourceVersionDate "2019.10.17"]
[SourceQuality "1"]

1. Nf3 g6 2. d4 Bg7 3. c4 d6 4. Nc3 Bg4 5. e3 e5 6. Be2 Nc6 7. d5 Nce7 8. 0-0 Nf6 9. h3 Bd7 10. Rb1 0-0 11. b3 Ne8 12. Bb2 f5 13. Ne1 Qc8 14. f4 Bh6 15. Nd3 e4 16. Nf2 Qd8 17. Kh2 g5 18. g3 Ng6 19. a4 Nf6 20. Nb5 a6 21. Nd4 Rf7 22. Rg1 Rg7 23. Nc2 Qe7 24. Qd4 Rf8 25. Qc3 Rgf7 26. a5 Bg7 27. Qd2 g4 28. Bxf6 Rxf6 29. hxg4 fxg4 30. Bxg4 Ne5 31. Qe2 Bxg4 32. Nxg4 Nf3+ 33. Kg2 Rg6 34. Nh2 Rxg3+ 35. Kh1 Nxg1 36. Rxg1 Qh4 37. Qf2 Rxg1+ 38. Kxg1 Qxf2+ 39. Kxf2 Bc3 40. b4 c6 41. dxc6 bxc6 42. Kg3 Rb8 43. Ng4 Kf7 44. f5 h5 45. Nf2 d5 46. cxd5 cxd5 47. Kf4 0-1

[Event "Cuiaba Master 10th"]
[Site "Cuiaba"]
[Date "2019.03.03"]
[Round "4.4"]
[White "Langner, Donizete Ribeiro"]
[Black "De Campos, Mauro Pedroso"]
[Result "1-0"]
[WhiteElo "1956"]
[BlackElo "1785"]
[PlyCount "69"]
[EventDate "2019.03.02"]
[EventType "swiss"]
[EventRounds "6"]
[EventCountry "BRA"]
[SourceTitle "EXT 2022"]
[Source "ChessBase"]
[SourceDate "2021.10.06"]
[SourceVersion "1"]
[SourceVersionDate "2021.10.06"]
[SourceQuality "1"]

1. e3 c5 2. d4 cxd4 3. exd4 d6 4. Nf3 a6 5. Bd3 Nf6 6. 0-0 Nc6 7. h3 e6 8. c4 Be7 9. b3 h6 10. Bb2 g5 11. d5 exd5 12. cxd5 Nb4 13. Nc3 Nxd3 14. Qxd3 g4 15. hxg4 Bxg4 16. Rfe1 Rg8 17. Re2 Rg6 18. Rae1 Ng8 19. Re3 Qd7 20. Nh4 Rg5 21. Na4 Qc7 22. Rxe7+ Nxe7 23. Bf6 0-0-0 24. Bxe7 Re8 25. Qd2 Kb8 26. Bxg5 Rg8 27. Bf4 Qd8 28. Bg3 f5 29. Qf4 Qa5 30. Qxd6+ Ka8 31. Re7 Rd8 32. Qe5 Rc8 33. Re8 Rxe8 34. Qxe8+ Ka7 35. Qb8# 1-0

[Event "Cuiaba Contaud op"]
[Site "Cuiaba"]
[Date "2015.07.31"]
[Round "2"]
[White "Langner, Donizete Ribeiro"]
[Black "Dias, Anderson Tatsch"]
[Result "1/2-1/2"]
[WhiteElo "1941"]
[BlackElo "2182"]
[PlyCount "33"]
[EventDate "2015.07.31"]
[EventType "swiss"]
[EventRounds "6"]
[EventCountry "BRA"]
[SourceTitle "EXT 2016"]
[Source "ChessBase"]
[SourceDate "2015.10.08"]
[SourceVersion "1"]
[SourceVersionDate "2015.10.08"]
[SourceQuality "1"]

1. c3 Nf6 2. Nf3 b6 3. c4 e6 4. e3 Bb7 5. d4 Bb4+ 6. Nbd2 0-0 7. a3 Bxd2+ 8. Bxd2 c5 9. Bd3 Be4 10. Bxe4 Nxe4 11. Qc2 f5 12. 0-0 d6 13. dxc5 Nxd2 14. Qxd2 dxc5 15. Rfd1 Nc6 16. Qd6 Qe8 17. Ne5 1/2-1/2

[Event "Brasilia FBX op"]
[Site "Brasilia"]
[Date "2015.02.28"]
[Round "3"]
[White "Langner, Donizete Ribeiro"]
[Black "Pottker, Gustavo Sartori"]
[Result "1-0"]
[WhiteElo "1934"]
[BlackElo "2148"]
[PlyCount "87"]
[EventDate "2015.02.27"]
[EventType "swiss"]
[EventRounds "5"]
[EventCountry "BRA"]
[SourceTitle "CBM 165 Extra"]
[Source "ChessBase"]
[SourceDate "2015.04.21"]
[SourceVersion "1"]
[SourceVersionDate "2015.04.21"]
[SourceQuality "1"]

1. Nf3 Nf6 2. d4 e6 3. c4 b6 4. Nc3 Bb4 5. Bd2 0-0 6. a3 Bxc3 7. Bxc3 Ne4 8. Rc1 d6 9. e3 Nd7 10. Bd3 f5 11. 0-0 Bb7 12. Be1 c5 13. Nd2 cxd4 14. exd4 Qf6 15. Nb3 Rac8 16. f3 Ng5 17. Bb4 Nf7 18. Qe2 Rfe8 19. Bc3 g6 20. Nd2 e5 21. d5 Qg5 22. Rfe1 Nf6 23. Qf2 Nh5 24. Kh1 Nf4 25. Bf1 Qh6 26. Re3 Nh5 27. Kg1 Ng5 28. Rce1 Nf4 29. h4 Nf7 30. g3 Nh5 31. f4 Nf6 32. Bh3 exf4 33. Rxe8+ Nxe8 34. gxf4 Qf8 35. Bf1 Ng7 36. Nf3 Re8 37. Rxe8 Qxe8 38. Bd3 Nh6 39. Qd4 Qe7 40. Ng5 Ng4 41. Ne6 Nxe6 42. dxe6 Ne5 43. fxe5 Qxe6 44. exd6 1-0

[Event "Florianopolis op"]
[Site "Florianopolis"]
[Date "2015.01.14"]
[Round "2"]
[White "Molina, Roberto Junio Brito"]
[Black "Langner, Donizete Ribeiro"]
[Result "1-0"]
[WhiteElo "2408"]
[BlackElo "1976"]
[PlyCount "67"]
[EventDate "2015.01.14"]
[EventType "swiss"]
[EventRounds "10"]
[EventCountry "BRA"]
[SourceTitle "CBM 164 Extra"]
[Source "ChessBase"]
[SourceDate "2015.03.02"]
[SourceVersion "1"]
[SourceVersionDate "2015.03.02"]
[SourceQuality "1"]

1. d4 Nf6 2. c4 c5 3. d5 b5 4. cxb5 a6 5. bxa6 e6 6. Nc3 exd5 7. Nxd5 Nxa6 8. e4 Be7 9. Bd3 Bb7 10. Nxf6+ Bxf6 11. Nf3 Nb4 12. Bb1 c4 13. 0-0 0-0 14. e5 Bxf3 15. Qxf3 Bxe5 16. Qe4 Re8 17. Qxh7+ Kf8 18. Qh8+ Ke7 19. Bg5+ Kd6 20. Rd1+ Kc5 21. Qh5 f6 22. Be3+ Kc6 23. a3 d5 24. Qe2 Rh8 25. f4 Bc7 26. Be4 Kb5 27. b3 Nd3 28. Rxd3 cxd3 29. Qxd3+ Kc6 30. Qc4+ Kd7 31. Qxd5+ Bd6 32. Rd1 Qc7 33. Bf5+ Ke7 34. Qe6+ 1-0

[Event "Matogrossense-ch"]
[Site "Cuiaba"]
[Date "2014.11.02"]
[Round "6"]
[White "Langner, Donizete Ribeiro"]
[Black "Ferreira Brandet, Rodrigo Maycon Mira"]
[Result "1-0"]
[WhiteElo "1984"]
[BlackElo "1866"]
[PlyCount "73"]
[EventDate "2014.10.31"]
[EventType "swiss"]
[EventRounds "6"]
[EventCountry "BRA"]
[SourceTitle "EXT 2022"]
[Source "ChessBase"]
[SourceDate "2021.10.06"]
[SourceVersion "1"]
[SourceVersionDate "2021.10.06"]
[SourceQuality "1"]

1. Nf3 Nf6 2. g3 g6 3. Bg2 Bg7 4. 0-0 0-0 5. c4 d6 6. Nc3 Nbd7 7. d4 e5 8. d5 h6 9. e4 Nc5 10. Qe2 a5 11. Ne1 Re8 12. Be3 Ng4 13. Bxc5 dxc5 14. f3 Nf6 15. Nd3 Qe7 16. Qf2 b6 17. b3 Rd8 18. h3 Ne8 19. Kh2 Bd7 20. a4 Nd6 21. Rae1 Qf8 22. Re2 h5 23. Nd1 Re8 24. Rfe1 Bh6 25. h4 Rad8 26. Nxc5 bxc5 27. Qxc5 Qe7 28. Qxa5 Bf4 29. gxf4 Qxh4+ 30. Kg1 Qg3 31. fxe5 Rxe5 32. Qxc7 Ne8 33. Qxd8 Bh3 34. Qa5 Rg5 35. Qd2 h4 36. Qe3 Bd7 37. f4 1-0

[Event "Campo Grande op 2nd"]
[Site "Campo Grande"]
[Date "2014.09.06"]
[Round "2"]
[White "Langner, Donizete Ribeiro"]
[Black "De Souza, Luiz Alberto Rodrig"]
[Result "1-0"]
[WhiteElo "1972"]
[BlackElo "1927"]
[PlyCount "53"]
[EventDate "2014.09.05"]
[EventType "swiss"]
[EventRounds "5"]
[EventCountry "BRA"]
[SourceTitle "CBM 162 Extra"]
[Source "ChessBase"]
[SourceDate "2014.10.17"]
[SourceVersion "1"]
[SourceVersionDate "2014.10.17"]
[SourceQuality "1"]

1. c3 Nf6 2. Nf3 e6 3. c4 d5 4. e3 c5 5. d4 Nc6 6. Nc3 Be7 7. a3 a5 8. dxc5 Bxc5 9. cxd5 exd5 10. Be2 0-0 11. 0-0 h6 12. Nb5 Bg4 13. h3 Bd7 14. b3 Re8 15. Bb2 Be6 16. Rc1 Be7 17. Nfd4 Qb6 18. Bd3 Ne5 19. Bb1 Rec8 20. Nxe6 Rxc1 21. Qxc1 fxe6 22. Nc7 Rc8 23. Bxe5 Nd7 24. Bg3 e5 25. Qd1 Qxc7 26. Qxd5+ Kf8 27. Bg6 1-0

[Event "Anapolis Liga University"]
[Site "Anapolis"]
[Date "2014.05.31"]
[Round "7.5"]
[White "Langner, Donizete Ribeiro"]
[Black "Garcia, Gabriel Gonzaga"]
[Result "0-1"]
[WhiteElo "1978"]
[BlackElo "1963"]
[PlyCount "98"]
[EventDate "2014.05.28"]
[EventType "swiss"]
[EventRounds "7"]
[EventCountry "BRA"]
[SourceTitle "EXT 2022"]
[Source "ChessBase"]
[SourceDate "2021.10.06"]
[SourceVersion "1"]
[SourceVersionDate "2021.10.06"]
[SourceQuality "1"]

1. c4 Nf6 2. Nf3 e6 3. Nc3 b6 4. g3 Bb7 5. Bg2 Be7 6. 0-0 c5 7. e3 0-0 8. d4 d6 9. d5 exd5 10. Nxd5 Nxd5 11. cxd5 Nd7 12. e4 Bf6 13. Rb1 b5 14. Bf4 Qb6 15. g4 Rfe8 16. g5 Rxe4 17. gxf6 Rxf4 18. fxg7 Nf6 19. Ng5 Rg4 20. Ne4 Rxg2+ 21. Kxg2 Nxe4 22. Rg1 c4 23. Qc2 Bxd5 24. f3 Qe3 25. Rge1 Qd2+ 26. Qxd2 Nxd2 27. Rbc1 Bxf3+ 28. Kf2 Bh5 29. Re7 d5 30. Re5 Ne4+ 31. Ke3 Nf6 32. Rf5 Kxg7 33. Rcf1 Re8+ 34. Kd4 Re6 35. Rg1+ Bg6 36. h4 Re4+ 37. Kc5 Rxh4 38. Kxb5 Rh2 39. b3 Rxa2 40. bxc4 dxc4 41. Rc5 Rc2 42. Ra1 c3 43. Kb4 Ne4 44. Rc7 Rb2+ 45. Ka3 Rb6 46. Rc1 Nd2 47. Rd7 a5 48. Ka4 Nc4 49. Rb1 Bc2+ 0-1

[Event "Anapolis Liga University"]
[Site "Anapolis"]
[Date "2014.05.29"]
[Round "4.6"]
[White "Langner, Donizete Ribeiro"]
[Black "Mariani, Daniel Brandao"]
[Result "1/2-1/2"]
[WhiteElo "1978"]
[BlackElo "2027"]
[PlyCount "94"]
[EventDate "2014.05.28"]
[EventType "swiss"]
[EventRounds "7"]
[EventCountry "BRA"]
[SourceTitle "EXT 2022"]
[Source "ChessBase"]
[SourceDate "2021.10.06"]
[SourceVersion "1"]
[SourceVersionDate "2021.10.06"]
[SourceQuality "1"]

1. Nf3 Nf6 2. c4 g6 3. g3 Bg7 4. Bg2 0-0 5. 0-0 c5 6. Nc3 d6 7. d3 Nc6 8. a3 Rb8 9. Rb1 Ng4 10. Bd2 h5 11. b4 Nd4 12. h3 Nxf3+ 13. Bxf3 Ne5 14. Bg2 h4 15. f4 cxb4 16. axb4 Nc6 17. b5 Nd4 18. e3 Nf5 19. g4 Nxe3 20. Bxe3 Bxc3 21. Bxa7 Ra8 22. Bf2 e6 23. g5 Ra2 24. Bxh4 Kg7 25. Bf2 e5 26. h4 Rh8 27. fxe5 dxe5 28. Bd5 Bf5 29. Qf3 Rxf2 30. Rxf2 Rxh4 31. Rh2 Qxg5+ 32. Kh1 Rf4 33. Qg2 Qf6 34. Bxb7 Rg4 35. Qe2 Bd4 36. Bf3 Rg3 37. Rd1 Bxd3 38. Qxd3 Rxf3 39. Qe2 Rf2 40. Rxf2 Bxf2 41. Rd3 e4 42. Qxe4 Qa1+ 43. Kg2 Qg1+ 44. Kf3 Qh1+ 45. Kf4 Qh2+ 46. Kf3 Qh1+ 47. Kf4 Qh2+ 1/2-1/2

[Event "Cuiaba Contaud op"]
[Site "Cuiaba"]
[Date "2014.05.02"]
[Round "3"]
[White "Costa, Paulo Sergio"]
[Black "Langner, Donizete Ribeiro"]
[Result "1/2-1/2"]
[WhiteElo "1791"]
[BlackElo "1975"]
[PlyCount "112"]
[EventDate "2014.05.01"]
[EventType "swiss"]
[EventRounds "6"]
[EventCountry "BRA"]
[SourceTitle "CBM 160 Extra"]
[Source "ChessBase"]
[SourceDate "2014.07.01"]
[SourceVersion "1"]
[SourceVersionDate "2014.07.01"]
[SourceQuality "1"]

1. e4 c5 2. Nf3 Nc6 3. d4 cxd4 4. Nxd4 Qb6 5. Nb3 Nf6 6. Nc3 e6 7. Bd3 a6 8. Be3 Qc7 9. f4 d6 10. 0-0 Be7 11. Qe2 b5 12. Rac1 0-0 13. g4 Nd7 14. a3 Bf6 15. Rf3 Bxc3 16. bxc3 Re8 17. Rh3 Bb7 18. e5 Nf8 19. exd6 Qxd6 20. Rf1 g6 21. Bc5 Qc7 22. Bxf8 Rxf8 23. f5 exf5 24. gxf5 Ne5 25. Nd4 f6 26. fxg6 hxg6 27. Bxg6 Nxg6 28. Rg3 Qe5 29. Rxg6+ Kh7 30. Rg3 Rg8 31. Qxe5 fxe5 32. Rf7+ Kh8 33. Rxb7 exd4 34. Kh1 Rxg3 35. hxg3 Rc8 36. cxd4 Rxc2 37. Rb6 Ra2 38. d5 Rxa3 39. Kg2 Rd3 40. d6 b4 41. Rxa6 b3 42. Rb6 b2 43. Rxb2 Rxd6 44. Rb7 Ra6 45. Kh3 Kg8 46. g4 Re6 47. Kh4 Ra6 48. g5 Rc6 49. Kh5 Ra6 50. Rb4 Kg7 51. Rh4 Rb6 52. Rc4 Ra6 53. Rc7+ Kg8 54. Rc5 Kg7 55. g6 Ra1 56. Rc7+ Kg8 1/2-1/2

[Event "Cuiaba Contaud op"]
[Site "Cuiaba"]
[Date "2014.05.02"]
[Round "2"]
[White "Langner, Donizete Ribeiro"]
[Black "Menna Barreto, Felipe Kubiaki"]
[Result "0-1"]
[WhiteElo "1975"]
[BlackElo "2268"]
[PlyCount "58"]
[EventDate "2014.05.01"]
[EventType "swiss"]
[EventRounds "6"]
[EventCountry "BRA"]
[SourceTitle "CBM 160 Extra"]
[Source "ChessBase"]
[SourceDate "2014.07.01"]
[SourceVersion "1"]
[SourceVersionDate "2014.07.01"]
[SourceQuality "1"]

1. Nf3 Nf6 2. c4 g6 3. g3 Bg7 4. Bg2 0-0 5. 0-0 d6 6. Nc3 Nc6 7. d3 e5 8. a3 a5 9. Rb1 Nh5 10. b4 axb4 11. axb4 f5 12. Nd5 f4 13. b5 Ne7 14. Nxe7+ Qxe7 15. e3 Bg4 16. Qc2 Rf7 17. h3 Bxh3 18. Bxh3 fxg3 19. fxg3 Nxg3 20. Rf2 Raf8 21. Bg2 g5 22. Rd2 Rxf3 23. Bxf3 Rxf3 24. Rf2 e4 25. Rb3 Qf7 26. Qd2 Qh5 27. Rxf3 Qh1+ 28. Kf2 Qh2+ 29. Ke1 Qg1+ 0-1

[Event "Ladario op 1st"]
[Site "Ladario"]
[Date "2013.11.16"]
[Round "4"]
[White "Langner, Donizete Ribeiro"]
[Black "Frazao, Paulo Rogerio"]
[Result "1-0"]
[WhiteElo "1957"]
[BlackElo "1753"]
[PlyCount "103"]
[EventDate "2013.11.15"]
[EventType "swiss"]
[EventRounds "7"]
[EventCountry "BRA"]
[SourceTitle "EXT 2015"]
[Source "ChessBase"]
[SourceDate "2014.11.20"]
[SourceVersion "1"]
[SourceVersionDate "2014.11.20"]
[SourceQuality "1"]

1. c3 e6 2. Nf3 Nf6 3. c4 Bc5 4. a3 0-0 5. d4 Be7 6. Nc3 Nc6 7. e4 d6 8. Be2 b6 9. 0-0 Bb7 10. h3 Qd7 11. Be3 Rad8 12. Qc2 a6 13. Rfd1 d5 14. e5 Ne8 15. Bd3 g6 16. cxd5 exd5 17. Rac1 f5 18. Nxd5 b5 19. Nxe7+ Nxe7 20. Bh6 Bxf3 21. gxf3 Ng7 22. Qxc7 Rf7 23. Bxg7 Rxg7 24. Qa5 Nc6 25. Qxa6 Nxd4 26. Bxb5 Nxf3+ 27. Kg2 Nh4+ 28. Kh1 Qb7+ 29. Qxb7 Rxd1+ 30. Rxd1 Rxb7 31. Rd8+ Kg7 32. Rd7+ Rxd7 33. Bxd7 Kf8 34. a4 Nf3 35. e6 Ne5 36. a5 Nc4 37. a6 Nb6 38. a7 Ke7 39. Bc6 Kxe6 40. a8Q Nxa8 41. Bxa8 Kd6 42. Kg2 g5 43. h4 h6 44. Kg3 Kc5 45. b3 Kd4 46. Bc6 Kc3 47. Bd5 Kd4 48. Bc4 Ke5 49. b4 Kd4 50. b5 Kc5 51. Bd3 gxh4+ 52. Kxh4 1-0

[Event "Campo Grande op"]
[Site "Campo Grande"]
[Date "2013.10.12"]
[Round "4"]
[White "Langner, Donizete Ribeiro"]
[Black "Dos Santos Dutra, Fernando Junior Fre"]
[Result "0-1"]
[WhiteElo "1950"]
[BlackElo "2057"]
[PlyCount "70"]
[EventDate "2013.10.11"]
[EventType "swiss"]
[EventRounds "5"]
[EventCountry "BRA"]
[SourceTitle "EXT 2014"]
[Source "ChessBase"]
[SourceDate "2013.11.20"]
[SourceVersion "1"]
[SourceVersionDate "2013.11.20"]
[SourceQuality "1"]

1. e4 d6 2. d4 g6 3. Nf3 Bg7 4. Be2 Nf6 5. Nbd2 0-0 6. 0-0 Nc6 7. d5 Nb8 8. c4 c5 9. h3 Nh5 10. Re1 e5 11. Nf1 Nf4 12. Ng3 Nxe2+ 13. Qxe2 Na6 14. Be3 f5 15. exf5 gxf5 16. Nf1 e4 17. N3h2 Nb4 18. Bc1 Nd3 19. Rd1 b5 20. cxb5 a6 21. Rxd3 exd3 22. Qxd3 axb5 23. Qxb5 Ba6 24. Qb3 Bxf1 25. Nxf1 f4 26. Qc4 Qd7 27. a4 Rab8 28. Ra2 Rb4 29. Qc2 f3 30. Qd1 fxg2 31. Kxg2 Qf5 32. Be3 Rh4 33. Ng3 Qxh3+ 34. Kg1 Qh2+ 35. Kf1 Qxg3 0-1

[Event "Maringa op 3rd"]
[Site "Maringa"]
[Date "2013.07.27"]
[Round "7"]
[White "Langner, Donizete Ribeiro"]
[Black "Souza, Rafael Cabral de"]
[Result "0-1"]
[WhiteElo "1951"]
[BlackElo "2144"]
[PlyCount "116"]
[EventDate "2013.07.24"]
[EventType "swiss"]
[EventRounds "8"]
[EventCountry "BRA"]
[SourceTitle "CBM 155 Extra"]
[Source "ChessBase"]
[SourceDate "2013.08.26"]
[SourceVersion "1"]
[SourceVersionDate "2013.08.26"]
[SourceQuality "1"]

1. Nf3 c5 2. c4 Nc6 3. Nc3 g6 4. g3 Bg7 5. Bg2 Nf6 6. 0-0 0-0 7. d4 cxd4 8. Nxd4 Ng4 9. e3 d6 10. Nxc6 bxc6 11. Bxc6 Rb8 12. Bg2 Ne5 13. Qa4 Qd7 14. Qxd7 Bxd7 15. Nb5 a6 16. Nd4 Nxc4 17. b3 Ne5 18. Bd2 Nd3 19. Rfd1 e5 20. Nc6 Bxc6 21. Bxc6 e4 22. Rab1 f5 23. Ba5 Rfc8 24. Bd5+ Kf8 25. Bc4 Nb2 26. Rxb2 Bxb2 27. Rxd6 Ba3 28. Rxa6 Ra8 29. Rf6+ Ke7 30. Bc3 Rxc4 31. bxc4 Bd6 32. a3 Rc8 33. Rxd6 Kxd6 34. Bb4+ Kc6 35. h4 Rd8 36. Kf1 Rd1+ 37. Ke2 Rc1 38. c5 Rc2+ 39. Ke1 Kb5 40. Kf1 Kc4 41. Ke1 Kd3 42. Kf1 Rc1+ 43. Kg2 Ke2 44. a4 Rc4 45. Ba5 Rxa4 46. Bc7 Rc4 47. Bd6 Rc2 48. Be7 Ke1 49. h5 gxh5 50. Bd6 h6 51. Bf4 Rxc5 52. Bxh6 Rc2 53. Kh3 Kxf2 54. Kh4 Kf3 55. Bf4 Rg2 56. Kh3 Re2 57. Kh4 Rxe3 58. Kxh5 Rb3 0-1

[Event "Maringa op 3rd"]
[Site "Maringa"]
[Date "2013.07.25"]
[Round "2"]
[White "Matsuura, Everaldo"]
[Black "Langner, Donizete Ribeiro"]
[Result "1-0"]
[WhiteElo "2491"]
[BlackElo "1951"]
[PlyCount "47"]
[EventDate "2013.07.24"]
[EventType "swiss"]
[EventRounds "8"]
[EventCountry "BRA"]
[SourceTitle "CBM 155 Extra"]
[Source "ChessBase"]
[SourceDate "2013.08.26"]
[SourceVersion "1"]
[SourceVersionDate "2013.08.26"]
[SourceQuality "1"]

1. e4 c5 2. Nf3 Nc6 3. d4 cxd4 4. Nxd4 Qb6 5. Nb3 Nf6 6. Nc3 e6 7. Bd3 a6 8. 0-0 Be7 9. Qe2 d6 10. Kh1 0-0 11. f4 Qc7 12. Bd2 b5 13. Rad1 Nd7 14. Nd5 exd5 15. exd5 Nce5 16. fxe5 Nxe5 17. Bc3 Bb7 18. Nd4 Bxd5 19. Nf5 Rae8 20. Nxg7 Ng6 21. Nxe8 Rxe8 22. Bxg6 hxg6 23. Qd2 Qc6 24. Qh6 1-0

[Event "Cuiaba op"]
[Site "Cuiaba"]
[Date "2013.05.27"]
[Round "1"]
[White "Langner, Donizete Ribeiro"]
[Black "Terao, Rodrigo Akira"]
[Result "0-1"]
[WhiteElo "1966"]
[BlackElo "2401"]
[PlyCount "45"]
[EventDate "2013.05.27"]
[EventType "swiss"]
[EventRounds "7"]
[EventCountry "BRA"]
[SourceTitle "CBM 154 Extra"]
[Source "ChessBase"]
[SourceDate "2013.06.25"]
[SourceVersion "2"]
[SourceVersionDate "2013.06.25"]
[SourceQuality "1"]

1. c3 d6 2. Nf3 e5 3. d3 g6 4. c4 Bg7 5. Nc3 f5 6. g3 Nf6 7. Bg2 0-0 8. 0-0 h6 9. Rb1 Nc6 10. Bd2 g5 11. b4 a6 12. a4 f4 13. b5 axb5 14. axb5 Ne7 15. Qb3 Be6 16. Ne1 Rb8 17. Nc2 Qe8 18. Nb4 Nf5 19. Nbd5 Nd4 20. Qd1 Nxd5 21. Nxd5 Qh5 22. Nc3 f3 23. e3 0-1

[Event "BRA-ch Amateur"]
[Site "Sao Paulo"]
[Date "2013.02.10"]
[Round "4"]
[White "Alboredo, Julia"]
[Black "Langner, Donizete Ribeiro"]
[Result "0-1"]
[WhiteElo "1811"]
[BlackElo "1974"]
[PlyCount "108"]
[EventDate "2013.02.09"]
[EventType "swiss"]
[EventRounds "7"]
[EventCountry "BRA"]
[SourceTitle "CBM 152 Extra"]
[Source "ChessBase"]
[SourceDate "2013.02.25"]
[SourceVersion "1"]
[SourceVersionDate "2013.02.25"]
[SourceQuality "1"]

1. e4 c5 2. d4 cxd4 3. c3 Nf6 4. e5 Nd5 5. Bc4 Nb6 6. Bb3 d6 7. e6 Bxe6 8. Bxe6 fxe6 9. cxd4 g6 10. Nf3 Qd7 11. 0-0 Bg7 12. Nc3 0-0 13. Re1 Nc6 14. h4 e5 15. d5 Nd4 16. Ng5 h6 17. Nge4 Nf5 18. Qg4 Kh7 19. h5 Qe8 20. hxg6+ Qxg6 21. Qxg6+ Kxg6 22. Be3 Nc4 23. b3 Ncxe3 24. fxe3 Bf6 25. Nb5 Rfc8 26. Nxf6 Kxf6 27. e4 a6 28. Rf1 axb5 29. Rxf5+ Kg7 30. Raf1 Rf8 31. Rxf8 Rxf8 32. Rc1 Rb8 33. Rc7 Kf7 34. Kh2 Ke8 35. a4 bxa4 36. bxa4 Rd8 37. Rc4 Kd7 38. Kg3 e6 39. Kh4 exd5 40. exd5 Ra8 41. Kh5 Ra5 42. Kxh6 Rxd5 43. Kg5 b5 44. axb5 Rxb5 45. Kf6 d5 46. Rc2 d4 47. Kf5 Kd6 48. Ke4 Rb3 49. Re2 Ke6 50. Re1 Rg3 51. Re2 Rg4+ 52. Kf3 Rf4+ 53. Kg3 Kd5 54. Re1 Rf8 0-1

[Event "BRA-ch Amateur"]
[Site "Sao Paulo"]
[Date "2013.02.09"]
[Round "2"]
[White "Da Silva, Hermes Ludovino"]
[Black "Langner, Donizete Ribeiro"]
[Result "0-1"]
[WhiteElo "1429"]
[BlackElo "1974"]
[PlyCount "54"]
[EventDate "2013.02.09"]
[EventType "swiss"]
[EventRounds "7"]
[EventCountry "BRA"]
[SourceTitle "CBM 152 Extra"]
[Source "ChessBase"]
[SourceDate "2013.02.25"]
[SourceVersion "1"]
[SourceVersionDate "2013.02.25"]
[SourceQuality "1"]

1. g3 c5 2. Nf3 Nc6 3. Bg2 Nf6 4. d4 cxd4 5. Nxd4 g6 6. 0-0 Bg7 7. e3 0-0 8. c3 e5 9. Ne2 d5 10. Nd2 Be6 11. b3 Qd7 12. Rb1 Rfd8 13. Bb2 b5 14. e4 Bh3 15. f3 a6 16. b4 Qa7+ 17. Kh1 Bxg2+ 18. Kxg2 dxe4 19. Qc2 exf3+ 20. Nxf3 Rac8 21. Qb3 Qe3 22. Neg1 e4 23. Nd4 Nxd4 24. cxd4 Qxb3 25. axb3 Nd5 26. Rbe1 f5 27. Nh3 Nxb4 0-1

[Event "Cuiaba Contaud op"]
[Site "Cuiaba"]
[Date "2012.10.27"]
[Round "3"]
[White "Langner, Donizete Ribeiro"]
[Black "Da Silva, Marcelo Rosa"]
[Result "1-0"]
[WhiteElo "2019"]
[BlackElo "1830"]
[PlyCount "109"]
[EventDate "2012.10.26"]
[EventType "swiss"]
[EventRounds "6"]
[EventCountry "BRA"]
[SourceTitle "EXT 2013"]
[Source "ChessBase"]
[SourceDate "2012.11.22"]
[SourceVersion "1"]
[SourceVersionDate "2012.11.22"]
[SourceQuality "1"]

1. c3 c5 2. Nf3 Nf6 3. c4 Nc6 4. Nc3 e5 5. g3 d5 6. cxd5 Nxd5 7. Nxd5 Qxd5 8. d3 Be7 9. Bg2 0-0 10. 0-0 Qd6 11. Bd2 h6 12. a3 Be6 13. Rb1 Rad8 14. b4 cxb4 15. axb4 e4 16. dxe4 Ne5 17. Be3 Nxf3+ 18. exf3 Qxd1 19. Rfxd1 Rxd1+ 20. Rxd1 Bxb4 21. Bxa7 Ra8 22. Be3 Bc3 23. Bf1 Bf6 24. Rb1 Ra1 25. Rxa1 Bxa1 26. f4 Bd7 27. Bb6 Kf8 28. e5 Bc3 29. Bg2 Bc6 30. Bxc6 bxc6 31. Kf1 Bb4 32. Ke2 Ke7 33. Kd3 Ke6 34. Kc4 Be1 35. Be3 h5 36. Kc5 Kd7 37. f3 g6 38. g4 Bc3 39. Bd4 Bd2 40. f5 Bf4 41. h3 Bg3 42. Kc4 Bf4 43. Kd3 h4 44. Ke4 g5 45. Be3 Bxe3 46. Kxe3 c5 47. f4 gxf4+ 48. Kxf4 c4 49. Ke4 c3 50. Kd3 Kc6 51. g5 Kd5 52. g6 fxg6 53. fxg6 c2 54. Kxc2 Ke6 55. Kd3 1-0